| 000 | 00342nam a22001337a 4500 | ||
|---|---|---|---|
| 003 | SGT | ||
| 082 | _a347.05,BAS | ||
| 100 | _aBASU,PRABEER | ||
| 245 | _aSUPREME COURT ON CODE OF CIVIL PROCEDURE 1950TO 2013 CONSLIDATED | ||
| 260 |
_aDELHI _bVINOD PUBLICATION _c2014 |
||
| 300 | _a1104 | ||
| 650 | _aCODE OF CIVIL PROCEDURE | ||
| 942 |
_2ddc _cBK |
||
| 999 |
_c11006 _d11006 |
||